[Event "Manhem IM Swiss 2002"]
[Site "?"]
[Date "2002.06.09"]
[Round "2"]
[White "Lahlum, Hans Olav"]
[Black "Pedersen, Öyvind"]
[Result "1/2-1/2"]
[WhiteElo "2218"]
[BlackElo "2051"]
[PlyCount "117"]
[EventDate "2003.06.08"]

1. d4 Nf6 2. c4 c5 3. d5 b5 4. cxb5 a6 5. f3 d6 6. e4 axb5 7. Bxb5+ Bd7 8.
Bxd7+ Nbxd7 9. Ne2 g6 10. Bd2 Bg7 11. Bc3 O-O 12. Nd2 Nb6 13. a4 Qc7 14. a5
Nbd7 15. Nc4 Rfb8 16. O-O Ne8 17. Qa4 Qb7 18. Kf2 Qb5 19. Qxb5 Rxb5 20. Ke3 Nc7
21. g4 Rb3 22. Kd2 Na6 23. g5 Rb5 24. h4 Nb4 25. Nf4 Ne5 26. Nxe5 Bxe5 27. Nd3
Nxd3 28. Kxd3 Bxc3 29. bxc3 Raxa5 30. Rxa5 Rxa5 31. Rb1 Ra2 32. Rb8+ Kg7 33.
Re8 Rf2 34. Ke3 Rc2 35. Kd3 Rf2 36. Ke3 Rc2 37. Rxe7 Rxc3+ 38. Kf4 Rc1 39. Rd7
c4 40. Rxd6 c3 41. Rc6 Kf8 42. d6 Ke8 43. e5 c2 44. Rc7 Kd8 45. Rc5 Kd7 46. Ke3
Re1+ 47. Kd2 c1=Q+ 48. Rxc1 Rxe5 49. Rc7+ Ke8 50. Rc8+ Kd7 51. Rc7+ Ke8 52.
Rc8+ Kd7 53. Rf8 Rf5 54. Ke3 Kxd6 55. Rh8 f6 56. gxf6 h5 57. Ra8 Rxf6 58. Ra6+
Ke7 59. Rxf6 1/2-1/2

[Event "Manhem IM Swiss 2002"]
[Site "?"]
[Date "2002.06.10"]
[Round "3"]
[White "Pilgaard, Kim"]
[Black "Fendrich, David"]
[Result "1-0"]
[WhiteElo "2426"]
[BlackElo "2197"]
[PlyCount "113"]
[EventDate "2003.06.08"]

1. e4 c5 2. Nf3 e6 3. d4 cxd4 4. Nxd4 a6 5. Nc3 b5 6. a3 Bb7 7. Be2 Qc7 8. Be3
Nf6 9. f3 d5 10. exd5 Nxd5 11. Nxd5 Bxd5 12. O-O Bd6 13. f4 O-O 14. Bd3 Nc6 15.
Ne2 Ne7 16. Nc3 Bc5 17. Bxc5 Qxc5+ 18. Rf2 Bc4 19. Be4 Rad8 20. Qe1 Rd7 21. b3
Bd5 22. Nxd5 Nxd5 23. f5 exf5 24. Bxf5 Re7 25. Qd2 Rfe8 26. Bd3 Nf6 27. Qb4 Qb6
28. Raf1 Ne4 29. Bxe4 Rxe4 30. c4 Qe3 31. Qd6 bxc4 32. bxc4 Rxc4 33. Qxa6 Rf4
34. Qe2 Rxf2 35. Qxf2 f6 36. Qxe3 Rxe3 37. Ra1 Re5 38. a4 Ra5 39. Kf2 Kf7 40.
Ke3 Ke6 41. Kd4 Kd6 42. Ra2 Kc6 43. g3 Kb6 44. h4 h5 45. Ke3 Re5+ 46. Kf4 Ra5
47. Rb2+ Kc6 48. Rb4 Rc5 49. Rb5 g5+ 50. Ke3 Rxb5 51. axb5+ Kxb5 52. g4 hxg4
53. h5 f5 54. h6 f4+ 55. Kf2 g3+ 56. Kg2 Kc4 57. h7 1-0

[Event "Manhem IM Swiss 2002"]
[Site "?"]
[Date "2002.06.10"]
[Round "3"]
[White "Rausis, Igor"]
[Black "Andersen, Alf Roger"]
[Result "1-0"]
[WhiteElo "2478"]
[BlackElo "2144"]
[PlyCount "55"]
[EventDate "2003.06.08"]

1. Nf3 g6 2. e4 c5 3. d4 cxd4 4. Nxd4 Nc6 5. Nc3 Bg7 6. Be3 Nf6 7. Bc4 O-O 8.
Bb3 d6 9. f3 Bd7 10. Qd2 Rc8 11. O-O-O Ne5 12. Kb1 Nc4 13. Bxc4 Rxc4 14. g4 Re8
15. h4 Qa5 16. Nb3 Qc7 17. Bd4 Be6 18. h5 Rc8 19. hxg6 hxg6 20. Rh4 a5 21. Rdh1
a4 22. Qh2 Nh5 23. Bxg7 Kxg7 24. Rxh5 gxh5 25. Qxh5 f6 26. Qh7+ Kf8 27. Qg6 Bg8
28. Rh8 1-0

[Event "Manhem IM Swiss 2002"]
[Site "?"]
[Date "2002.06.10"]
[Round "3"]
[White "von Bahr, Oscar"]
[Black "Wallin, Dennis"]
[Result "1-0"]
[WhiteElo "2249"]
[BlackElo "2114"]
[PlyCount "63"]
[EventDate "2003.06.08"]

1. c4 g6 2. Nc3 Bg7 3. g3 Nf6 4. Bg2 O-O 5. d3 c6 6. e4 d6 7. Nge2 e5 8. O-O
Nh5 9. Be3 Be6 10. Qd2 Nd7 11. Rab1 Ndf6 12. h3 d5 13. exd5 cxd5 14. d4 Ne4 15.
Nxe4 dxe4 16. d5 Bd7 17. g4 Nf6 18. Ng3 b6 19. b4 Ne8 20. c5 f5 21. Bg5 Bf6 22.
Bxf6 Qxf6 23. g5 Qd8 24. Rfe1 Bc6 25. Rbd1 Ba4 26. d6 Bxd1 27. Rxd1 bxc5 28.
bxc5 Ng7 29. c6 Qb6 30. c7 Kh8 31. Qc3 Rac8 32. d7 1-0

[Event "Manhem IM Swiss 2002"]
[Site "?"]
[Date "2002.06.10"]
[Round "3"]
[White "Åkesson, Joel"]
[Black "Smetankin, Stanislav"]
[Result "1/2-1/2"]
[WhiteElo "2234"]
[BlackElo "2455"]
[PlyCount "119"]
[EventDate "2003.06.08"]

1. d4 f5 2. g3 Nf6 3. Bg2 e6 4. Nf3 d6 5. b3 Be7 6. c4 O-O 7. O-O Ne4 8. Nfd2
Nxd2 9. Qxd2 e5 10. Nc3 c6 11. Ba3 Qe8 12. dxe5 dxe5 13. Bxe7 Qxe7 14. Rad1 Na6
15. Qd6 Qxd6 16. Rxd6 Kf7 17. Bh3 Ke7 18. Rfd1 Nc5 19. b4 Ne6 20. c5 Ng5 21.
Bg2 Nf7 22. b5 Nxd6 23. cxd6+ Kd8 24. d7 Kc7 25. bxc6 bxc6 26. dxc8=Q+ Raxc8
27. Rc1 Kd6 28. Na4 Rfd8 29. Nc5 Ke7 30. Nb3 Rd6 31. e4 Rcd8 32. Rc5 Kf6 33.
exf5 Rd1+ 34. Bf1 R8d6 35. Kg2 Kxf5 36. f4 R1d5 37. Rc4 exf4 38. Rxf4+ Kg6 39.
Be2 h5 40. Bf3 Re5 41. Rc4 Kh6 42. Rc2 g5 43. h3 Ree6 44. Nc5 Re3 45. Ne4 Re6
46. Nf2 Ra3 47. g4 hxg4 48. Nxg4+ Kg7 49. Bxc6 Rd6 50. Nf2 Re3 51. Bf3 Ra3 52.
Bd1 Rd7 53. Re2 a5 54. Bb3 a4 55. Bc4 Rc3 56. Bb5 Rd4 57. Re7+ Kf8 58. Ra7 Rc2
59. Bxa4 Rxa2 60. Rf7+ 1/2-1/2

[Event "Manhem IM Swiss 2002"]
[Site "?"]
[Date "2002.06.10"]
[Round "3"]
[White "Westerinen, Heikki"]
[Black "Carlsen, Magnus Oen"]
[Result "1/2-1/2"]
[WhiteElo "2403"]
[BlackElo "2163"]
[PlyCount "86"]
[EventDate "2003.06.08"]

1. e4 c5 2. Nf3 d6 3. Bb5+ Bd7 4. Bxd7+ Qxd7 5. O-O Nc6 6. d3 g6 7. c3 Nf6 8.
Bf4 Bg7 9. Nbd2 O-O 10. h3 b5 11. Qe2 Rfe8 12. Rad1 Qb7 13. Bh2 Nd7 14. Qe3 b4
15. d4 Qa6 16. d5 Nce5 17. Nxe5 Nxe5 18. cxb4 cxb4 19. Qb3 Nd3 20. Nc4 Nc5 21.
Qc2 Qxa2 22. e5 b3 23. Qc1 Nb7 24. Rfe1 Qa6 25. Qf4 Rac8 26. Re4 Na5 27. Nxa5
Qxa5 28. Qe3 Qb5 29. Re1 dxe5 30. Bxe5 Qxd5 31. Bxg7 Kxg7 32. Qxa7 Rc2 33. Qe3
e5 34. Rb4 Rxb2 35. Qc3 Rc2 36. Qxb3 Qxb3 37. Rxb3 e4 38. f3 f5 39. Rb7+ Kh6
40. fxe4 fxe4 41. Rb4 e3 42. Rb3 e2 43. Kf2 Rf8+ 1/2-1/2

[Event "Manhem IM Swiss 2002"]
[Site "?"]
[Date "2002.06.10"]
[Round "3"]
[White "Eriksson, Joel"]
[Black "Westin, Bertil"]
[Result "0-1"]
[WhiteElo "1972"]
[BlackElo "2072"]
[PlyCount "80"]
[EventDate "2003.06.08"]

1. d4 d5 2. c4 c6 3. Nf3 Nf6 4. Nc3 dxc4 5. e4 b5 6. Qc2 a6 7. Be2 Bb7 8. O-O
e6 9. Bg5 Be7 10. a4 Nbd7 11. Rfe1 h6 12. Bh4 O-O 13. Bf1 Re8 14. e5 Nd5 15.
Bxe7 Nxe7 16. Ne4 Nc8 17. b3 cxb3 18. Qxb3 Qe7 19. Rac1 Ndb6 20. a5 Nd7 21. Nc5
Nxc5 22. Rxc5 Qc7 23. Qa2 Rd8 24. Bd3 Rd5 25. Rec1 Rxc5 26. Rxc5 Ne7 27. Bb1
Rd8 28. g4 Rd5 29. Qd2 Qd8 30. Kg2 Kf8 31. Kg3 Rxc5 32. dxc5 Nd5 33. Ba2 Qc7
34. Bxd5 cxd5 35. Qc3 Bc6 36. Kh3 d4 37. Nxd4 Qxe5 38. Nxb5 Qd5 39. Nd6 Qg2+
40. Kh4 Qxh2+ 0-1

[Event "Manhem IM Swiss 2002"]
[Site "?"]
[Date "2002.06.10"]
[Round "3"]
[White "Helin, Mikael"]
[Black "Areklett, Ivar"]
[Result "0-1"]
[WhiteElo "2016"]
[BlackElo "2099"]
[PlyCount "114"]
[EventDate "2003.06.08"]

1. e4 c5 2. c4 g6 3. Nc3 Bg7 4. g3 Nc6 5. Bg2 d6 6. h3 Nf6 7. Nge2 O-O 8. O-O
a6 9. d3 Rb8 10. f4 Bd7 11. Bd2 b5 12. b3 b4 13. Na4 Ne8 14. f5 Bxa1 15. Qxa1
Nd4 16. Nxd4 cxd4 17. Nb2 a5 18. Nd1 Qb6 19. Bh6 Ng7 20. Ne3 Bc6 21. Nc2 gxf5
22. exf5 f6 23. Bxc6 Qxc6 24. Nxd4 Qb6 25. Kg2 Rf7 26. Rf4 Kh8 27. Qd1 Rg8 28.
Ne6 Nxe6 29. fxe6 Qe3 30. Qf3 Qxe6 31. Rg4 Rc8 32. Re4 Qd7 33. Qh5 e5 34. Re2
Rg8 35. Qf3 Qb7 36. Qxb7 Rxb7 37. Rf2 Rg6 38. Be3 Kg8 39. d4 Kf7 40. d5 Ke8 41.
Rf5 Ke7 42. Kf3 Rg7 43. g4 Rf7 44. Ke4 Kd7 45. g5 Rb8 46. gxf6 Rg8 47. Bb6 Rg6
48. Bxa5 Rfxf6 49. Rxf6 Rxf6 50. Ke3 Rh6 51. Kd3 Rxh3+ 52. Kc2 Rh2+ 53. Kb1 h5
54. Bxb4 h4 55. Bc3 Re2 56. b4 h3 57. c5 h2 0-1

[Event "Manhem IM Swiss 2002"]
[Site "?"]
[Date "2002.06.11"]
[Round "3"]
[White "Bekker-Jensen, David"]
[Black "Andersson, Tommy"]
[Result "0-1"]
[WhiteElo "2323"]
[BlackElo "2195"]
[PlyCount "80"]
[EventDate "2003.06.08"]

1. d4 Nf6 2. c4 e6 3. Nc3 Bb4 4. e3 O-O 5. Nge2 d5 6. a3 Be7 7. Nf4 b6 8. Bd3
Bb7 9. O-O Nbd7 10. cxd5 exd5 11. f3 c5 12. g4 h6 13. Rf2 Bd6 14. Nfe2 Re8 15.
Rg2 Nf8 16. Ng3 Bxg3 17. Rxg3 Ne6 18. Ne2 Qc8 19. b4 Ba6 20. b5 Bb7 21. Bb2 c4
22. Bc2 a6 23. bxa6 Rxa6 24. Qd2 b5 25. h4 Qc7 26. Kf2 g6 27. Rg2 Ng7 28. Nf4
c3 29. Bxc3 Rc6 30. Ne2 Rc8 31. Bd3 Rxc3 32. Qxc3 Qxc3 33. Nxc3 Rxc3 34. Bxb5
h5 35. a4 hxg4 36. fxg4 Bc8 37. a5 Nxg4+ 38. Ke2 Nxe3 39. Rg3 Ngf5 40. Kd2 Rb3
0-1

[Event "Manhem IM Swiss 2002"]
[Site "?"]
[Date "2002.06.10"]
[Round "3"]
[White "Cech, Pavel"]
[Black "Pribyl, Josef"]
[Result "1/2-1/2"]
[WhiteElo "2337"]
[BlackElo "2413"]
[PlyCount "23"]
[EventDate "2003.06.08"]

1. d4 Nf6 2. c4 e6 3. Nf3 b6 4. g3 Bb7 5. Bg2 Be7 6. O-O O-O 7. Nc3 Ne4 8. Nxe4
Bxe4 9. Ne1 Bxg2 10. Kxg2 d5 11. cxd5 Qxd5+ 12. Nf3 1/2-1/2

[Event "Manhem IM Swiss 2002"]
[Site "?"]
[Date "2002.06.10"]
[Round "3"]
[White "Jägerflod, Kent"]
[Black "Olsson, Linus"]
[Result "0-1"]
[WhiteElo "2137"]
[BlackElo "2273"]
[PlyCount "46"]
[EventDate "2003.06.08"]

1. e4 c5 2. c3 d5 3. exd5 Qxd5 4. d4 Nc6 5. dxc5 Qxd1+ 6. Kxd1 Bf5 7. Bb5
O-O-O+ 8. Ke1 e5 9. b4 Nf6 10. a3 Be7 11. Ba4 Nd5 12. Ne2 Bf6 13. Bd2 Rhe8 14.
b5 Na5 15. b6 axb6 16. Bxe8 Rxe8 17. Nc1 bxc5 18. a4 Nc4 19. Ne2 Nf4 20. Nxf4
exf4+ 21. Kd1 Nb2+ 22. Kc1 Nd3+ 23. Kc2 Nxf2+ 0-1

[Event "Manhem IM Swiss 2002"]
[Site "?"]
[Date "2002.06.10"]
[Round "3"]
[White "Lichmann, Petr"]
[Black "Lahlum, Hans Olav"]
[Result "1/2-1/2"]
[WhiteElo "2160"]
[BlackElo "2218"]
[PlyCount "64"]
[EventDate "2003.06.08"]

1. b3 d5 2. Bb2 e6 3. e3 Nf6 4. f4 c5 5. Nf3 Nc6 6. Be2 Bd6 7. O-O O-O 8. Qe1
Qe7 9. Qg3 b6 10. Ne5 Bxe5 11. fxe5 Nd7 12. d4 Bb7 13. Nd2 a5 14. Rac1 a4 15.
Nf3 axb3 16. axb3 Ra2 17. Bc3 Ba6 18. Bxa6 Rxa6 19. Rf2 f5 20. exf6 Nxf6 21.
Nd2 cxd4 22. exd4 Raa8 23. Re1 Rae8 24. Qh3 Qd6 25. Rfe2 Nd8 26. Bb2 Rf7 27. c4
Ref8 28. Bc3 Ra7 29. Rf2 Raf7 30. Rfe2 Ra7 31. Rf2 Raf7 32. Rfe2 Ra7 1/2-1/2

[Event "Manhem IM Swiss 2002"]
[Site "?"]
[Date "2002.06.10"]
[Round "3"]
[White "Mandelbaum, René"]
[Black "Andersson, Fredrik"]
[Result "1/2-1/2"]
[WhiteElo "2169"]
[BlackElo "2098"]
[PlyCount "86"]
[EventDate "2003.06.08"]

1. e4 d5 2. exd5 Qxd5 3. Nc3 Qa5 4. d4 c6 5. Bc4 Nf6 6. Nge2 Bf5 7. O-O e6 8.
Ng3 Bg6 9. f4 Be7 10. f5 exf5 11. Qe2 Qd8 12. Nxf5 Bxf5 13. Rxf5 O-O 14. Be3
Nbd7 15. Raf1 Nb6 16. Bd3 Nbd5 17. Nxd5 Nxd5 18. Rh5 g6 19. Bh6 Re8 20. Qf2 f5
21. Rxf5 Bh4 22. g3 gxf5 23. Qxf5 Nf6 24. gxh4 Qxd4+ 25. Kh1 Qd5+ 26. Qxd5+
Nxd5 27. Rg1+ Kf7 28. Rg7+ Kf6 29. Rxh7 Re1+ 30. Kg2 Rg8+ 31. Bg5+ Ke5 32. Kf2
Rh1 33. Kg2 Re1 34. Kf2 Rh1 35. Rxb7 Rxh2+ 36. Kg3 Rh1 37. Rxa7 Rg1+ 38. Kf2
Rb1 39. b3 Rf8+ 40. Ke2 Rbf1 41. Be3 Nc3+ 42. Kd2 Nb1+ 43. Ke2 Nc3+ 1/2-1/2

[Event "Manhem IM Swiss 2002"]
[Site "?"]
[Date "2002.06.10"]
[Round "3"]
[White "Kinnmark, Ove"]
[Black "Lönngren, Tobias"]
[Result "1/2-1/2"]
[WhiteElo "2364"]
[BlackElo "2122"]
[PlyCount "159"]
[EventDate "2003.06.08"]

1. e4 c6 2. d4 d5 3. Nc3 dxe4 4. Nxe4 Bf5 5. Ng3 Bg6 6. Nf3 Nd7 7. Bd3 Qc7 8.
Bxg6 hxg6 9. Qe2 e6 10. Bd2 Ngf6 11. O-O-O O-O-O 12. Kb1 c5 13. Ng5 Nb6 14.
dxc5 Bxc5 15. N5e4 Bd4 16. c3 Nxe4 17. Nxe4 Bf6 18. h3 Nd5 19. Qf3 Qe5 20. Rhe1
Qf5 21. Qe2 g5 22. Ka1 Kb8 23. Qb5 a6 24. Qb3 Be7 25. f3 Nf4 26. Bxf4+ gxf4 27.
a3 Qg6 28. Rxd8+ Rxd8 29. Re2 Qf5 30. c4 Bc5 31. Qc3 Bd4 32. Qb4 Qe5 33. Rd2
Qc7 34. c5 e5 35. Rc2 Qc6 36. Nd2 Rd5 37. Nb3 Qb5 38. Qxb5 axb5 39. c6 bxc6 40.
Rxc6 Ba7 41. Ka2 Rd1 42. Rc1 Rxc1 43. Nxc1 Kc7 44. Ne2 Kc6 45. Kb3 Bc5 46. Kc2
f5 47. Kd3 g6 48. Nc3 Bd4 49. b3 b4 50. Nb1 bxa3 51. Nxa3 Kd5 52. Nc4 e4+ 53.
Ke2 Kc5 54. Nd2 Kd5 55. Nc4 Kc5 56. Nd2 Kd5 57. Nc4 Bc3 58. Nb6+ Kd6 59. Nc4+
Kc5 60. Kf2 Kd4 61. Ke2 Bb4 62. Nb6 Be7 63. Nc4 Bf6 64. Nb6 Be7 65. Nc4 e3 66.
Nb6 Bf8 67. Nc4 Bc5 68. Na5 Kc3 69. Nc6 Bd6 70. Nd8 Be7 71. Ne6 Bd6 72. Nd8
Kxb3 73. Nf7 Bf8 74. Nh8 g5 75. Nf7 Be7 76. Nh6 Kc4 77. Nxf5 Bf8 78. g3 Kd5 79.
gxf4 gxf4 80. Nxe3+ 1/2-1/2

[Event "Manhem IM Swiss 2002"]
[Site "?"]
[Date "2002.06.10"]
[Round "3"]
[White "Labuckas, Aidas"]
[Black "Aleksejev, Vadim"]
[Result "0-1"]
[WhiteElo "2355"]
[BlackElo "2407"]
[PlyCount "66"]
[EventDate "2003.06.08"]

1. e4 e6 2. d4 d5 3. e5 Bd7 4. Nf3 c5 5. c3 Nc6 6. a3 f6 7. Be2 fxe5 8. Nxe5
Nxe5 9. dxe5 Qc7 10. O-O Qxe5 11. Re1 O-O-O 12. b4 Nf6 13. Bg4 Qc7 14. Bxe6
Bxe6 15. Rxe6 Bd6 16. g3 Qd7 17. Re1 Qh3 18. Ra2 Rhe8 19. Rxe8 Rxe8 20. Nd2 Qf5
21. Nf3 Ne4 22. Nh4 Qf6 23. Qa4 Rf8 24. Qxa7 Nxf2 25. Qa8+ Bb8 26. h3 Qxc3 27.
Bf4 Nxh3+ 28. Kh2 Nxf4 29. Qa4 Nh5 30. Nf5 Nxg3 31. Ne7+ Kd8 32. Nc6+ bxc6 33.
Qa8 Kd7 0-1

[Event "Manhem IM Swiss 2002"]
[Site "?"]
[Date "2002.06.11"]
[Round "4"]
[White "Pribyl, Josef"]
[Black "Labuckas, Aidas"]
[Result "1/2-1/2"]
[WhiteElo "2413"]
[BlackElo "2355"]
[PlyCount "50"]
[EventDate "2003.06.08"]

1. e4 Nf6 2. e5 Nd5 3. d4 d6 4. Nf3 g6 5. Bc4 c6 6. O-O Bg7 7. exd6 Qxd6 8.
Nbd2 O-O 9. Ne4 Qc7 10. h3 Nd7 11. Re1 N7f6 12. Nxf6+ exf6 13. Bb3 b5 14. a4 b4
15. a5 Be6 16. Bd2 Rab8 17. Ra4 c5 18. Qe2 Rfc8 19. dxc5 Qxc5 20. Qe4 f5 21.
Qh4 Bd7 22. Raa1 Bf6 23. Qh6 Bg7 24. Qh4 Bf6 25. Qh6 Bg7 1/2-1/2

[Event "Manhem IM Swiss 2002"]
[Site "?"]
[Date "2002.06.11"]
[Round "4"]
[White "Olsson, Linus"]
[Black "Westerinen, Heikki"]
[Result "1/2-1/2"]
[WhiteElo "2273"]
[BlackElo "2403"]
[PlyCount "59"]
[EventDate "2003.06.08"]

1. d4 d5 2. c4 e5 3. dxe5 d4 4. Nf3 Nc6 5. g3 Be6 6. Nbd2 Qd7 7. Bg2 Bh3 8. e6
Bxe6 9. O-O Bh3 10. Bxh3 Qxh3 11. e3 dxe3 12. Ne4 exf2+ 13. Rxf2 Qd7 14. Rd2
Qg4 15. Qe2 Be7 16. Rd5 Kf8 17. Bf4 Nf6 18. Nxf6 Bxf6 19. Re1 h6 20. Qe4 Kg8
21. Rb5 Qc8 22. Ne5 Nxe5 23. Bxe5 c6 24. Rb3 Bxe5 25. Qxe5 Kh7 26. Qe7 Re8 27.
Qxe8 Qxe8 28. Rxe8 Rxe8 29. Rxb7 Re2 30. Rxf7 1/2-1/2

[Event "Manhem IM Swiss 2002"]
[Site "?"]
[Date "2002.06.11"]
[Round "4"]
[White "Sarakauskas, Gediminas"]
[Black "Rausis, Igor"]
[Result "1-0"]
[WhiteElo "2388"]
[BlackElo "2478"]
[PlyCount "159"]
[EventDate "2003.06.08"]

1. d4 Nf6 2. Nf3 d5 3. c4 c6 4. cxd5 cxd5 5. Nc3 Nc6 6. Bf4 Ne4 7. e3 Nxc3 8.
bxc3 g6 9. Bd3 Bg7 10. O-O O-O 11. c4 dxc4 12. Bxc4 Bf5 13. Rc1 Rc8 14. h3 a6
15. Re1 b5 16. Bf1 Qd5 17. g4 Bd7 18. Bg2 Qxa2 19. Ra1 Qb2 20. Re2 Qb4 21. Rxa6
Rfd8 22. Rd2 Na5 23. Ra2 Nc4 24. Ne1 Nd6 25. Nd3 Qc4 26. Nc5 Be8 27. Qb1 b4 28.
Rc2 Qb5 29. Bf1 Qb8 30. Rb2 Bb5 31. Rxb4 Bxa6 32. Bxa6 Qa8 33. Bxc8 Rxc8 34.
Bxd6 exd6 35. Nd3 Qf3 36. Qf1 h5 37. gxh5 Qxh5 38. Rb1 Bh6 39. Rc1 Re8 40. Qg2
Qe2 41. Qf1 Qf3 42. Ne1 Qf5 43. Ra1 Rb8 44. Qg2 Rb5 45. Qg4 Qf6 46. Nf3 Rf5 47.
Kg2 Qe7 48. Ra8+ Kh7 49. h4 Qb7 50. Re8 Kg7 51. Qe4 Qxe4 52. Rxe4 Kf8 53. Rg4
Ra5 54. Ng1 Bg7 55. Rg5 d5 56. Rg3 Bf6 57. Rh3 Kg7 58. Ne2 Be7 59. Rh1 Ra2 60.
Kf3 Ra3 61. h5 Ra6 62. hxg6 Rf6+ 63. Nf4 fxg6 64. Ke2 Rf5 65. Rg1 g5 66. Nh5+
Kg6 67. Ng3 Rf8 68. Ra1 Kf7 69. Ra6 Rb8 70. Nf5 Rb2+ 71. Kf3 Bf8 72. Ng3 Be7
73. Nf5 Bf8 74. Nh6+ Kg7 75. Ng4 Rb5 76. Ra7+ Kg6 77. Ne5+ Kh6 78. Kg4 Rb2 79.
f3 Re2 80. Kf5 1-0

[Event "Manhem IM Swiss 2002"]
[Site "?"]
[Date "2002.06.11"]
[Round "4"]
[White "Wallin, Dennis"]
[Black "Polej, Vladimir"]
[Result "1/2-1/2"]
[WhiteElo "2114"]
[BlackElo "2334"]
[PlyCount "155"]
[EventDate "2003.06.08"]

1. d4 g6 2. c4 Bg7 3. e4 Nc6 4. Nf3 d6 5. h3 e5 6. dxe5 dxe5 7. Qxd8+ Nxd8 8.
Nc3 Ne6 9. Be3 c6 10. O-O-O f6 11. Be2 Bh6 12. Bxh6 Nxh6 13. Rhe1 Nf7 14. Rd2
Ke7 15. Red1 Rd8 16. Rxd8 Nfxd8 17. Bf1 Bd7 18. Kc2 Be8 19. b4 a5 20. a3 Bf7
21. c5 Nc7 22. Kb2 Na6 23. Bxa6 Rxa6 24. Nd2 Ne6 25. Nc4 axb4 26. axb4 Nxc5 27.
Nd6 Na4+ 28. Nxa4 Rxa4 29. Nxf7 Rxb4+ 30. Kc3 Rd4 31. Rb1 b5 32. Nh6 Rxe4 33.
Kd3 Rd4+ 34. Ke3 f5 35. Ra1 Ra4 36. Rc1 Ra3+ 37. Ke2 Ra2+ 38. Ke3 Ra3+ 39. Ke2
Ra6 40. Rc5 Kd6 41. Rc2 Ra7 42. g4 f4 43. Rd2+ Ke6 44. Rc2 Rc7 45. Rb2 Rb7 46.
Rc2 Rb6 47. g5 b4 48. Ng4 b3 49. Rb2 e4 50. Nf6 Kf5 51. Nxh7 c5 52. Kd2 Rd6+
53. Kc3 Rd3+ 54. Kc4 Rxh3 55. Nf6 e3 56. fxe3 Rxe3 57. Kxc5 Kxg5 58. Nd5 Re4
59. Rxb3 Kh4 60. Nc3 Re8 61. Kd4 g5 62. Ne4 g4 63. Rb1 Kh3 64. Nf2+ Kg3 65.
Ne4+ Kg2 66. Nf6 Rd8+ 67. Ke4 g3 68. Kxf4 Rf8 69. Kg5 Kh2 70. Ng4+ Kh3 71. Rh1+
Kg2 72. Rb1 Rf3 73. Rc1 Rb3 74. Ra1 Kf3 75. Rf1+ Ke2 76. Rg1 Kf3 77. Rf1+ Ke4
78. Re1+ 1/2-1/2

[Event "Manhem IM Swiss 2002"]
[Site "?"]
[Date "2002.06.11"]
[Round "4"]
[White "Westin, Bertil"]
[Black "Bekker-Jensen, David"]
[Result "0-1"]
[WhiteElo "2072"]
[BlackElo "2323"]
[PlyCount "90"]
[EventDate "2003.06.08"]

1. d4 Nf6 2. Nf3 g6 3. c4 Bg7 4. e3 O-O 5. Nc3 d6 6. Be2 Nbd7 7. O-O e5 8. Rb1
Re8 9. Qc2 e4 10. Nd2 Nf8 11. b4 Bf5 12. Rb3 Qd7 13. Qd1 h5 14. f3 exf3 15.
Nxf3 N8h7 16. Bd3 Bxd3 17. Qxd3 Qg4 18. h3 Qe6 19. Re1 Ne4 20. Nxe4 Qxe4 21.
Qxe4 Rxe4 22. Kf2 f5 23. Bd2 Re7 24. Rd3 Nf6 25. Kg1 Ne4 26. Bc1 Bh6 27. d5 Bg7
28. Nd4 Bxd4 29. exd4 h4 30. Bf4 Kf7 31. c5 g5 32. Bc1 f4 33. Rf3 Nf6 34. Rxe7+
Kxe7 35. b5 Nxd5 36. a4 Kd7 37. Kf2 a6 38. Ra3 Ke6 39. Kf3 Kf5 40. Rb3 axb5 41.
axb5 Ra1 42. Bd2 Ra2 43. Be1 Ne3 44. b6 g4+ 45. hxg4+ Nxg4 0-1

[Event "Manhem IM Swiss 2002"]
[Site "?"]
[Date "2002.06.11"]
[Round "4"]
[White "Smetankin, Stanislav"]
[Black "von Bahr, Oscar"]
[Result "1/2-1/2"]
[WhiteElo "2455"]
[BlackElo "2249"]
[PlyCount "105"]
[EventDate "2003.06.08"]

1. e4 c5 2. Nf3 d6 3. d4 cxd4 4. Nxd4 Nf6 5. Nc3 Nc6 6. Be2 g6 7. O-O Bg7 8.
Nb3 O-O 9. Kh1 a6 10. f4 b5 11. Bf3 Bd7 12. Be3 Rb8 13. Re1 b4 14. Nd5 Re8 15.
Rb1 a5 16. Nxf6+ Bxf6 17. e5 Bg7 18. exd6 exd6 19. Qxd6 Ne7 20. Ba7 Rc8 21.
Rbd1 Nc6 22. Rxe8+ Bxe8 23. Qxd8 Nxd8 24. Nxa5 Bxb2 25. Be4 Nc6 26. Bb6 Nxa5
27. Bxa5 Bc6 28. Bxc6 Rxc6 29. Bxb4 Rxc2 30. g3 Kg7 31. Rd2 Rc1+ 32. Kg2 Bc3
33. Bxc3+ Rxc3 34. Kf2 h5 35. Ke1 Kf6 36. Kd1 h4 37. gxh4 Kf5 38. Rf2 Kg4 39.
Kd2 Ra3 40. Kc1 Kxh4 41. Kb2 Rd3 42. f5 g5 43. a4 g4 44. Kb1 Rf3 45. Ra2 Rxf5
46. a5 Rb5+ 47. Kc2 f5 48. a6 Rb8 49. a7 Ra8 50. Kd3 f4 51. Ke2 Kh3 52. Kf1 g3
53. hxg3 1/2-1/2

[Event "Manhem IM Swiss 2002"]
[Site "?"]
[Date "2002.06.11"]
[Round "4"]
[White "Lönngren, Tobias"]
[Black "Cech, Pavel"]
[Result "1/2-1/2"]
[WhiteElo "2122"]
[BlackElo "2337"]
[PlyCount "105"]
[EventDate "2003.06.08"]

1. Nf3 d5 2. d4 Nf6 3. c4 e6 4. g3 Be7 5. Bg2 O-O 6. O-O dxc4 7. Qc2 a6 8. Qxc4
b5 9. Qc2 Bb7 10. Bg5 Nbd7 11. Bxf6 Nxf6 12. Nbd2 Rc8 13. Nb3 Be4 14. Qc3 Nd5
15. Qd2 c5 16. dxc5 Bxc5 17. Nxc5 Rxc5 18. Rfc1 Rxc1+ 19. Rxc1 Qa8 20. Qd4 Nf6
21. Qc5 h6 22. h3 Bb7 23. Qe3 Bd5 24. a3 Rc8 25. Kh2 Rxc1 26. Qxc1 Qb7 27. Qc5
Ne4 28. Qd4 Nf6 29. Qf4 Ne8 30. g4 Qc7 31. Qxc7 Nxc7 32. Ne5 f6 33. Nd3 Kf7 34.
Bxd5 Nxd5 35. Kg3 g5 36. Kf3 Ke7 37. Ke4 Kd6 38. e3 Nb6 39. Kd4 Nc4 40. Kc3 f5
41. a4 Kc6 42. axb5+ Kxb5 43. b3 Nb6 44. Kd4 Nd7 45. f3 a5 46. gxf5 exf5 47. e4
fxe4 48. fxe4 h5 49. e5 Nf8 50. Ke4 g4 51. hxg4 hxg4 52. Kf4 Ng6+ 53. Kxg4
1/2-1/2

[Event "Manhem IM Swiss 2002"]
[Site "?"]
[Date "2002.06.11"]
[Round "4"]
[White "Andersson, Tommy"]
[Black "Slapikas, Vytautas"]
[Result "1/2-1/2"]
[WhiteElo "2195"]
[BlackElo "2410"]
[PlyCount "39"]
[EventDate "2003.06.08"]

1. d4 d6 2. c4 e5 3. d5 f5 4. e4 Nf6 5. exf5 Bxf5 6. Nc3 Be7 7. Nge2 O-O 8. Ng3
Bg6 9. Bd3 Qe8 10. O-O Nbd7 11. Bxg6 Qxg6 12. Qe2 Rf7 13. f3 c6 14. dxc6 bxc6
15. Rd1 Nc5 16. Be3 Ne6 17. Qd3 Qxd3 18. Rxd3 Bf8 19. Nge4 Rb7 20. b3 1/2-1/2

[Event "Manhem IM Swiss 2002"]
[Site "?"]
[Date "2002.06.11"]
[Round "4"]
[White "Aleksejev, Vadim"]
[Black "Pilgaard, Kim"]
[Result "1-0"]
[WhiteElo "2407"]
[BlackElo "2426"]
[PlyCount "135"]
[EventDate "2003.06.08"]

1. d4 Nf6 2. Nf3 e6 3. e3 b6 4. Bd3 Bb7 5. O-O Be7 6. c4 O-O 7. Nc3 d5 8. cxd5
exd5 9. b3 Nbd7 10. Bb2 Ne4 11. Ne2 Re8 12. Ng3 Bd6 13. Rc1 a6 14. Nf5 Bf8 15.
Qc2 Rc8 16. Qe2 Ra8 17. Rc2 g6 18. Ng3 c5 19. Rd1 cxd4 20. Nxd4 Nec5 21. Nf3
Rc8 22. Rcd2 Bg7 23. Bxg7 Kxg7 24. h3 Qf6 25. Qf1 Nf8 26. Nd4 Nfe6 27. Nge2 Re7
28. Rc1 Rec7 29. Rdc2 Kg8 30. Nxe6 fxe6 31. b4 Nxd3 32. Rxc7 Nxc1 33. Rxc8+
Bxc8 34. Qxc1 Qd8 35. Qc6 b5 36. Nf4 Qd7 37. Qxd7 Bxd7 38. Nd3 Kf8 39. f4 Ke7
40. Kf2 Kd6 41. Ke2 Bc6 42. Ne5 Be8 43. h4 h6 44. Kd3 g5 45. hxg5 hxg5 46. Kd4
gxf4 47. exf4 Bh5 48. Nd3 Be2 49. Nc5 Bc4 50. a3 Be2 51. Nxa6 Bc4 52. Nc5 Be2
53. g3 Bd1 54. Nd3 Bc2 55. Ne5 Bb1 56. g4 Bc2 57. g5 Bb1 58. Ng4 Bg6 59. Ne5
Bb1 60. g6 Bc2 61. g7 Bh7 62. Nf7+ Ke7 63. Nh6 Kf6 64. g8=Q Bxg8 65. Nxg8+ Kf5
66. Ke3 e5 67. fxe5 Kxe5 68. Ne7 1-0

[Event "Manhem IM Swiss 2002"]
[Site "?"]
[Date "2002.06.11"]
[Round "4"]
[White "Andersen, Alf Roger"]
[Black "Pedersen, Öyvind"]
[Result "0-1"]
[WhiteElo "2144"]
[BlackElo "2051"]
[PlyCount "56"]
[EventDate "2003.06.08"]

1. e4 c5 2. Nf3 d6 3. d4 cxd4 4. Nxd4 Nf6 5. Nc3 e6 6. Be3 Nc6 7. f3 Be7 8. Qd2
O-O 9. g4 a6 10. O-O-O Qc7 11. g5 Nd7 12. f4 b5 13. Qf2 b4 14. Nce2 Bb7 15. Ng3
Rac8 16. Kb1 Nc5 17. Nb3 Na4 18. Rg1 Na5 19. Bc1 d5 20. Bd3 Nxb3 21. axb3 Nc5
22. e5 Nxd3 23. cxd3 d4 24. Nh5 Bd5 25. Nf6+ Bxf6 26. gxf6 g6 27. Qxd4 Qc2+ 28.
Ka1 Qxb3 0-1